000 00386pab a2200145 454500
008 180718b2005 xxu||||| |||| 00| 0 eng d
245 _aSPECIAL issue on information technologies and knowledge management
260 _c2005
300 _ap.193-377.
362 _aJun
650 _aInformation technology
650 _aKnowledge management
773 _aMIS Quarterly
909 _a65807
999 _c65807
_d65807